[Event "CZE-ch Seniors 65"]
[Site "Olomouc"]
[Date "2023.08.15"]
[Round "5"]
[White "Titera, Libor"]
[Black "Novotny, Jaroslav2222"]
[Result "0-1"]
[WhiteElo "1760"]
[BlackElo "1919"]
[PlyCount "72"]
[EventDate "2023.08.12"]
[EventType "swiss"]
[EventRounds "9"]
[EventCountry "CZE"]
[SourceTitle "EXT 2024"]
[Source "ChessBase"]
[SourceDate "2023.10.10"]
[SourceVersion "1"]
[SourceVersionDate "2023.10.10"]
[SourceQuality "1"]

1. e4 c5 2. a3 d6 3. b4 cxb4 4. axb4 Nf6 5. Qe2 Nc6 6. c3 e5 7. h3 Be7 8. Na3 0-0 9. Nf3 Re8 10. b5 Na5 11. d3 d5 12. Qc2 dxe4 13. dxe4 b6 14. Nc4 Nxc4 15. Bxc4 Qc7 16. Qb3 Bc5 17. 0-0 h6 18. Bd5 Nxd5 19. exd5 e4 20. Nd4 Bxd4 21. cxd4 Bf5 22. Ba3 Qb7 23. Rac1 Rac8 24. Rc6 Bd7 25. Qc4 Qb8 26. Bd6 Rxc6 27. Qxc6 Bxc6 28. Bxb8 Bxb5 29. Bxa7 Bxf1 30. Kxf1 b5 31. Bc5 Rb8 32. Bb4 f5 33. Ke2 Kf7 34. f3 exf3+ 35. Kxf3 Rd8 36. d6 Ke6 0-1

[Event "CZE-ch Seniors 65"]
[Site "Olomouc"]
[Date "2023.08.13"]
[Round "2"]
[White "Titera, Libor"]
[Black "Mlynek, Petr"]
[Result "1-0"]
[WhiteElo "1760"]
[BlackElo "1973"]
[PlyCount "97"]
[EventDate "2023.08.12"]
[EventType "swiss"]
[EventRounds "9"]
[EventCountry "CZE"]
[SourceTitle "EXT 2024"]
[Source "ChessBase"]
[SourceDate "2023.10.10"]
[SourceVersion "1"]
[SourceVersionDate "2023.10.10"]
[SourceQuality "1"]

1. e4 c6 2. d4 d5 3. Nc3 dxe4 4. Nxe4 Nf6 5. Nxf6+ exf6 6. Be3 Bd6 7. Bd3 0-0 8. Ne2 Re8 9. Qd2 Be6 10. 0-0 Nd7 11. c4 Nf8 12. Rad1 Qc7 13. Bf4 Rad8 14. Bxd6 Qxd6 15. b3 g5 16. Ng3 Ng6 17. Bb1 Qf4 18. Nh5 Qh4 19. Nxf6+ Kg7 20. Nxe8+ Rxe8 21. Bxg6 hxg6 22. d5 cxd5 23. cxd5 Bd7 24. Qd4+ Qxd4 25. Rxd4 Re2 26. Ra1 Kf6 27. f4 g4 28. a4 Bf5 29. Kf1 Rb2 30. b4 a6 31. Re1 Bd7 32. d6 Bxa4 33. d7 Bxd7 34. Rxd7 Rxb4 35. g3 a5 36. Ree7 Rb1+ 37. Ke2 Rb2+ 38. Kd3 Rxh2 39. Rxf7+ Ke6 40. Rde7+ Kd6 41. Rxb7 Rg2 42. Kc4 Rc2+ 43. Kb5 Kd5 44. Rfe7 Rb2+ 45. Kxa5 Ra2+ 46. Kb4 Rb2+ 47. Kc3 Rxb7 48. Rxb7 Ke4 49. Kc4 1-0

[Event "Ceske Budejovice op-B"]
[Site "Ceske Budejovice"]
[Date "2022.07.09"]
[Round "9"]
[White "Garabik, Marek"]
[Black "Titera, Libor"]
[Result "1-0"]
[WhiteElo "1413"]
[BlackElo "1839"]
[PlyCount "85"]
[EventDate "2022.07.01"]
[EventType "swiss"]
[EventRounds "9"]
[EventCountry "CZE"]
[SourceTitle "EXT 2023"]
[Source "ChessBase"]
[SourceDate "2022.10.05"]
[SourceVersion "1"]
[SourceVersionDate "2022.10.05"]
[SourceQuality "1"]

1. e4 c6 2. d4 d5 3. exd5 cxd5 4. Nf3 Nf6 5. Bf4 Nc6 6. c3 e6 7. Nbd2 Bd6 8. Bg3 Nh5 9. Bxd6 Qxd6 10. Bb5 0-0 11. 0-0 Nf4 12. c4 dxc4 13. Nxc4 Qd5 14. Bxc6 Qxc6 15. Rc1 b6 16. Qd2 Nd5 17. Nfe5 Qe8 18. Nd6 Qe7 19. Nxc8 Raxc8 20. Nc6 Qb7 21. Nb4 h6 22. Nxd5 Qxd5 23. Rc3 Rcd8 24. Rd1 Rd7 25. Rg3 Kh8 26. Rh3 Rfd8 27. Rxh6+ gxh6 28. Qxh6+ Kg8 29. Rd3 Qf5 30. Rg3+ Qg6 31. Rxg6+ fxg6 32. Qxg6+ Kf8 33. Qf6+ Kg8 34. Qxe6+ Kf8 35. g3 Rxd4 36. Kg2 Rd2 37. h4 R8d6 38. Qf5+ Ke7 39. h5 Rf6 40. Qe4+ Kf7 41. Qe3 Rxb2 42. g4 a6 43. g5 1-0

[Event "Ceske Budejovice op-B"]
[Site "Ceske Budejovice"]
[Date "2022.07.08"]
[Round "8"]
[White "Titera, Libor"]
[Black "Mariam, Mohammed Almaeeni"]
[Result "1-0"]
[WhiteElo "1839"]
[BlackElo "1265"]
[PlyCount "117"]
[EventDate "2022.07.01"]
[EventType "swiss"]
[EventRounds "9"]
[EventCountry "CZE"]
[SourceTitle "EXT 2023"]
[Source "ChessBase"]
[SourceDate "2022.10.05"]
[SourceVersion "1"]
[SourceVersionDate "2022.10.05"]
[SourceQuality "1"]

1. e4 e6 2. d4 d5 3. Nd2 dxe4 4. Nxe4 Nd7 5. Nf3 Be7 6. Bd3 Ngf6 7. 0-0 0-0 8. Bd2 Nxe4 9. Bxe4 c5 10. c3 Qb6 11. Qc2 Nf6 12. Bd3 cxd4 13. Nxd4 e5 14. Nf3 Bd6 15. Rae1 Re8 16. Bg5 Bc7 17. Bxf6 Qxf6 18. Bxh7+ Kh8 19. Be4 Qh6 20. Re3 Bg4 21. Bxb7 Rab8 22. Be4 f5 23. Bxf5 e4 24. Bxg4 exf3 25. Rxe8+ Rxe8 26. g3 Rf8 27. Re1 Qg5 28. Bxf3 g6 29. Kg2 Bb6 30. Qe4 Qd2 31. Re2 Qh6 32. Qe5+ Kg8 33. Bd5+ Kh7 34. f4 Rf5 35. Qe7+ Kh8 36. Qe8+ Rf8 37. Qe6 Qg7 38. Qh3+ Qh7 39. a4 Qxh3+ 40. Kxh3 Bc5 41. b4 Bd6 42. Re6 Rd8 43. Be4 Bf8 44. Rxg6 Rc8 45. Rc6 Re8 46. Bf3 Re3 47. Kg4 Re1 48. h4 Re7 49. a5 Rg7+ 50. Kh3 Rd7 51. g4 Bg7 52. Be4 Re7 53. Rc8+ Bf8 54. Rxf8+ Kg7 55. Ra8 Rxe4 56. Rxa7+ Kf6 57. Ra6+ Ke7 58. Rc6 Rxf4 59. a6 1-0

[Event "Ceske Budejovice op-B"]
[Site "Ceske Budejovice"]
[Date "2022.07.04"]
[Round "4"]
[White "Titera, Libor"]
[Black "Nour, Saleh Jasim"]
[Result "1-0"]
[WhiteElo "1839"]
[BlackElo "1232"]
[PlyCount "71"]
[EventDate "2022.07.01"]
[EventType "swiss"]
[EventRounds "9"]
[EventCountry "CZE"]
[SourceTitle "EXT 2023"]
[Source "ChessBase"]
[SourceDate "2022.10.05"]
[SourceVersion "1"]
[SourceVersionDate "2022.10.05"]
[SourceQuality "1"]

1. e4 e6 2. d4 d5 3. Nd2 dxe4 4. Nxe4 Nd7 5. Nf3 Be7 6. Be3 Ngf6 7. Bd3 Nxe4 8. Bxe4 Nf6 9. Qd3 Nxe4 10. Qxe4 Qd5 11. Qd3 b6 12. 0-0 Bb7 13. c4 Qe4 14. Qxe4 Bxe4 15. Nd2 Bb7 16. a3 a5 17. c5 Rb8 18. b4 Ba6 19. Rfb1 Kd7 20. b5 Bc8 21. c6+ Kd8 22. Nc4 Bd6 23. Nxd6 cxd6 24. Rd1 Kc7 25. f4 g6 26. Rac1 Re8 27. Kf2 e5 28. fxe5 dxe5 29. dxe5 Be6 30. Rd6 Rbd8 31. Rcd1 Rxd6 32. exd6+ Kb8 33. Bxb6 Bc4 34. d7 Rf8 35. d8Q+ Rxd8 36. Rxd8# 1-0

[Event "Ceske Budejovice op-B"]
[Site "Ceske Budejovice"]
[Date "2022.07.03"]
[Round "3"]
[White "Cipera, Josef"]
[Black "Titera, Libor"]
[Result "1-0"]
[WhiteElo "1552"]
[BlackElo "1839"]
[PlyCount "99"]
[EventDate "2022.07.01"]
[EventType "swiss"]
[EventRounds "9"]
[EventCountry "CZE"]
[SourceTitle "EXT 2023"]
[Source "ChessBase"]
[SourceDate "2022.10.05"]
[SourceVersion "1"]
[SourceVersionDate "2022.10.05"]
[SourceQuality "1"]

1. d4 c5 2. d5 Nf6 3. c4 b5 4. Qc2 d6 5. e4 g6 6. cxb5 Bg7 7. Nf3 0-0 8. Bc4 a6 9. 0-0 axb5 10. Bxb5 Ba6 11. Bxa6 Nxa6 12. Bd2 Qb6 13. Bc3 Rfb8 14. Nbd2 Nb4 15. Qb1 Qb5 16. Ne1 c4 17. h3 Nd7 18. Nef3 Nd3 19. Bxg7 Kxg7 20. b3 cxb3 21. Nxb3 N7e5 22. Nfd4 Qa6 23. f4 Nd7 24. Kh2 N7c5 25. Nc6 Rb7 26. e5 Qc4 27. Nca5 Rxa5 28. Nxa5 Qxf4+ 29. Rxf4 Rxb1 30. Rxf7+ Kxf7 31. e6+ Kf6 32. Rxb1 Ke5 33. Nc6+ Kxd5 34. Nxe7+ Kxe6 35. Nc8 d5 36. Nb6 d4 37. a4 Ke5 38. a5 Ke4 39. Nc4 Na6 40. Rb7 Ndc5 41. Rxh7 d3 42. Nd2+ Ke3 43. Nf3 d2 44. Nxd2 Kxd2 45. Rg7 Kc3 46. Rxg6 Kb4 47. h4 Kxa5 48. h5 Nd7 49. h6 Nac5 50. Rg5 1-0

[Event "Ceske Budejovice op-B"]
[Site "Ceske Budejovice"]
[Date "2022.07.01"]
[Round "1"]
[White "Khalil, Reem"]
[Black "Titera, Libor"]
[Result "1/2-1/2"]
[WhiteElo "1305"]
[BlackElo "1839"]
[PlyCount "62"]
[EventDate "2022.07.01"]
[EventType "swiss"]
[EventRounds "9"]
[EventCountry "CZE"]
[SourceTitle "EXT 2023"]
[Source "ChessBase"]
[SourceDate "2022.10.05"]
[SourceVersion "1"]
[SourceVersionDate "2022.10.05"]
[SourceQuality "1"]

1. e4 e6 2. d4 a6 3. Nf3 b5 4. Be2 Bb7 5. Nbd2 Nf6 6. Bd3 c5 7. c3 cxd4 8. cxd4 Nc6 9. a3 Rc8 10. 0-0 Qb6 11. Nb3 Na5 12. Nxa5 Qxa5 13. Bd2 Qb6 14. Qe2 d6 15. Rfc1 Be7 16. Rxc8+ Bxc8 17. Rc1 0-0 18. Qe1 Re8 19. Ba5 Qb8 20. Bc7 Qb7 21. e5 dxe5 22. dxe5 Nd5 23. Be4 Bd7 24. Rc2 f5 25. Bxd5 Qxd5 26. Rd2 Qc6 27. Bd6 Bc8 28. Bxe7 Rxe7 29. Rd8+ Re8 30. Rd6 Qc4 31. h3 Bb7 1/2-1/2

[Event "CZE-ch Betsys Online Blitz"]
[Site "Chess.com INT"]
[Date "2021.04.17"]
[Round "4"]
[White "Stanke, Vilem"]
[Black "Titera, Libor"]
[Result "0-1"]
[WhiteElo "1342"]
[BlackElo "1857"]
[PlyCount "64"]
[EventDate "2021.04.17"]
[EventType "swiss (blitz)"]
[EventRounds "13"]
[EventCountry "CZE"]
[SourceTitle "CBM 201 Extra"]
[Source "ChessBase"]
[SourceDate "2021.05.31"]
[SourceVersion "1"]
[SourceVersionDate "2021.05.31"]
[SourceQuality "1"]

1. e4 e6 2. d4 a6 3. Nf3 b5 4. c4 bxc4 5. Bxc4 Bb7 6. Nc3 Nf6 7. 0-0 Be7 8. Bd3 c5 9. dxc5 Bxc5 10. Qb3 Bc6 11. Re1 0-0 12. Be3 Bxe3 13. Rxe3 d5 14. exd5 Nxd5 15. Rd1 Qc7 16. Ree1 Nd7 17. Nxd5 Bxd5 18. Qc3 Qxc3 19. bxc3 Rfc8 20. Rc1 Nc5 21. c4 Nxd3 22. cxd5 Rxc1 23. Rxc1 Nxc1 24. dxe6 fxe6 25. Nd4 e5 26. Nc6 Nxa2 27. g3 a5 28. Nxe5 Nc3 29. Kg2 a4 30. Nc4 a3 31. Nb6 Ra6 32. Nc4 a2 0-1

[Event "Ceske Budejovice op-B"]
[Site "Ceske Budejovice"]
[Date "2020.07.06"]
[Round "6"]
[White "Titera, Libor"]
[Black "Petkov, Andon"]
[Result "1-0"]
[WhiteElo "1843"]
[BlackElo "1776"]
[PlyCount "39"]
[EventDate "2020.07.01"]
[EventType "swiss"]
[EventRounds "9"]
[EventCountry "CZE"]
[SourceTitle "CBM 197 Extra"]
[Source "ChessBase"]
[SourceDate "2020.09.30"]
[SourceVersion "1"]
[SourceVersionDate "2020.09.30"]
[SourceQuality "1"]

1. e4 c5 2. Nf3 Nc6 3. d4 cxd4 4. Nxd4 e5 5. Nb5 a6 6. Nd6+ Bxd6 7. Qxd6 Qf6 8. Qc7 Nge7 9. Nc3 0-0 10. Be3 d5 11. Bc5 Be6 12. exd5 Bxd5 13. 0-0-0 Rfd8 14. f3 Qe6 15. Bxe7 Nxe7 16. Be2 b5 17. Rd2 Rd7 18. Qa5 Rad8 19. Rhd1 Bb7 20. Qxd8+ 1-0

[Event "Liberec op 14th"]
[Site "Liberec"]
[Date "2013.10.30"]
[Round "6"]
[White "Jina, Lubos"]
[Black "Titera, Libor"]
[Result "1/2-1/2"]
[WhiteElo "1781"]
[BlackElo "1956"]
[PlyCount "78"]
[EventDate "2013.10.26"]
[EventType "swiss"]
[EventRounds "9"]
[EventCountry "CZE"]
[SourceTitle "EXT 2014"]
[Source "ChessBase"]
[SourceDate "2013.11.20"]
[SourceVersion "1"]
[SourceVersionDate "2013.11.20"]
[SourceQuality "1"]

1. d4 c5 2. e3 Nf6 3. Nf3 g6 4. Be2 Bg7 5. 0-0 b6 6. b3 Bb7 7. Bb2 0-0 8. dxc5 bxc5 9. c4 d6 10. Nbd2 Nc6 11. Ne1 a5 12. Bf3 Qb6 13. Nd3 Rfb8 14. Nf4 a4 15. Bxf6 exf6 16. Nd5 Qd8 17. Rb1 axb3 18. axb3 Nb4 19. Nxb4 Bxf3 20. Qxf3 Rxb4 21. Rfd1 f5 22. Qd5 Rab8 23. g3 Qe7 24. Kg2 Bc3 25. Nf3 Rxb3 26. Rxb3 Rxb3 27. Qxd6 Qxd6 28. Rxd6 Rb4 29. Rd7 h6 30. Rc7 Rxc4 31. Nd4 Bb4 32. Nc6 Re4 33. Nd8 Ba5 34. Rd7 c4 35. Nc6 Bc3 36. Ne7+ Kf8 37. Nd5 Bb2 38. Rc7 Re5 39. Nb6 Rb5 1/2-1/2

[Event "Liberec op 14th"]
[Site "Liberec"]
[Date "2013.10.28"]
[Round "3"]
[White "Titera, Libor"]
[Black "Kaderabek, Jiri"]
[Result "0-1"]
[WhiteElo "1956"]
[BlackElo "2173"]
[PlyCount "50"]
[EventDate "2013.10.26"]
[EventType "swiss"]
[EventRounds "9"]
[EventCountry "CZE"]
[SourceTitle "EXT 2014"]
[Source "ChessBase"]
[SourceDate "2013.11.20"]
[SourceVersion "1"]
[SourceVersionDate "2013.11.20"]
[SourceQuality "1"]

1. Nf3 Nf6 2. g3 d5 3. c4 c6 4. Bg2 h6 5. b3 Bf5 6. Bb2 e6 7. 0-0 Nbd7 8. d3 Be7 9. Nbd2 0-0 10. cxd5 exd5 11. Nd4 Bh7 12. e4 Re8 13. Re1 Bc5 14. Rc1 Qb6 15. N2f3 dxe4 16. dxe4 Nxe4 17. Re2 Rad8 18. Rc4 Nd6 19. Rc1 Nf6 20. Qe1 Rxe2 21. Nxe2 Nde4 22. Rxc5 Qxc5 23. Bd4 Qc2 24. Ne5 Nd2 25. Bc3 Nxb3 0-1

[Event "Klatovy op-A"]
[Site "Klatovy"]
[Date "2001.??.??"]
[Round "?"]
[White "Folkova, Martina"]
[Black "Titera, Libor"]
[Result "1-0"]
[WhiteElo "2175"]
[BlackElo "2000"]
[PlyCount "53"]
[EventDate "2001.07.??"]
[EventType "swiss"]
[EventRounds "9"]
[EventCountry "CZE"]
[SourceTitle "EXT 2006"]
[Source "ChessBase"]
[SourceDate "2005.11.24"]
[SourceVersion "1"]
[SourceVersionDate "2005.11.24"]
[SourceQuality "1"]

1. e4 e6 2. d4 d5 3. Nd2 c5 4. Ngf3 Nc6 5. Bb5 cxd4 6. Nxd4 Bd7 7. N4b3 Nf6 8. exd5 Nxd5 9. Ne4 a6 10. Be2 Qc7 11. 0-0 Be7 12. Nbc5 Rd8 13. c4 Nf6 14. Be3 Bc8 15. Qa4 0-0 16. Rfd1 Qe5 17. Nxf6+ Bxf6 18. Nd3 Qa5 19. Qxa5 Nxa5 20. Bb6 Nxc4 21. Bxd8 Rxd8 22. Rac1 Nb6 23. Bf3 Nd5 24. Nb4 Re8 25. Bxd5 exd5 26. Nxd5 Bg5 27. f4 1-0

[Event "CZE-chT2b 0001"]
[Site "Czech Republic"]
[Date "2001.??.??"]
[Round "?"]
[White "Kansky, Pavel"]
[Black "Titera, Libor"]
[Result "1-0"]
[WhiteElo "2125"]
[BlackElo "2025"]
[PlyCount "55"]
[EventDate "2000.??.??"]
[EventType "team"]
[EventRounds "11"]
[EventCountry "CZE"]
[SourceTitle "EXT 2003"]
[Source "ChessBase"]
[SourceDate "2002.11.25"]
[SourceVersion "1"]
[SourceVersionDate "2002.11.25"]
[SourceQuality "1"]

1. c4 c6 2. Nc3 d5 3. d4 e6 4. e3 f5 5. g3 Nf6 6. Bg2 Be7 7. Nh3 0-0 8. Nf4 Na6 9. 0-0 Bd7 10. b3 Ne4 11. Bb2 Nc7 12. Qc2 Be8 13. Nd3 h5 14. f3 Nxc3 15. Bxc3 h4 16. e4 Rf6 17. Ne5 hxg3 18. hxg3 Bh5 19. g4 Be8 20. exf5 exf5 21. g5 Rf8 22. f4 g6 23. Rae1 Bf7 24. c5 Kg7 25. Qe2 Rh8 26. Ba5 Bf8 27. Kf2 Qe7 28. Nxf7 1-0

[Event "Klatovy op-A"]
[Site "Klatovy"]
[Date "2001.??.??"]
[Round "?"]
[White "Titera, Libor"]
[Black "Lexa, Vaclav"]
[Result "1-0"]
[WhiteElo "2000"]
[BlackElo "1830"]
[PlyCount "54"]
[EventDate "2001.07.??"]
[EventType "swiss"]
[EventRounds "9"]
[EventCountry "CZE"]
[SourceTitle "EXT 2006"]
[Source "ChessBase"]
[SourceDate "2005.11.24"]
[SourceVersion "1"]
[SourceVersionDate "2005.11.24"]
[SourceQuality "1"]

1. Nf3 d5 2. d4 Nf6 3. g3 Bf5 4. Bg2 e6 5. 0-0 Nbd7 6. c4 h6 7. Nc3 c6 8. Re1 Bd6 9. Nd2 0-0 10. e4 dxe4 11. Ndxe4 Bc7 12. b3 Ba5 13. Bd2 Bxc3 14. Nxf6+ Qxf6 15. Bxc3 Qg6 16. d5 cxd5 17. cxd5 Rac8 18. dxe6 Bxe6 19. Rc1 b6 20. Bb4 Rfd8 21. Qf3 Rxc1 22. Rxc1 Ne5 23. Qe2 f6 24. h3 Bd5 25. Rd1 Qf7 26. Qb5 Nc6 27. Rxd5 Rxd5 1-0

[Event "Klatovy op-A"]
[Site "Klatovy"]
[Date "2000.??.??"]
[Round "?"]
[White "Bazantova, Marie"]
[Black "Titera, Libor"]
[Result "0-1"]
[WhiteElo "2080"]
[BlackElo "1910"]
[PlyCount "124"]
[EventDate "2000.??.??"]
[EventType "swiss"]
[EventRounds "9"]
[EventCountry "CZE"]
[SourceTitle "EXT 2003"]
[Source "ChessBase"]
[SourceDate "2002.11.25"]
[SourceVersion "1"]
[SourceVersionDate "2002.11.25"]
[SourceQuality "1"]

1. e4 e6 2. d4 d5 3. Nd2 c5 4. exd5 exd5 5. Ngf3 Nf6 6. dxc5 Bxc5 7. Nb3 Bb6 8. Bb5+ Nc6 9. 0-0 0-0 10. Bg5 Bg4 11. Qd3 Qd6 12. Bxc6 bxc6 13. Nbd4 Ne4 14. Be3 Rfe8 15. Nd2 Bc7 16. g3 Qd7 17. Nxe4 dxe4 18. Qc4 Bf3 19. Nxf3 exf3 20. Rfd1 Qh3 21. Qf1 Qf5 22. Rd3 Bb6 23. Bxb6 axb6 24. Re1 h6 25. a3 Rad8 26. Rxe8+ Rxe8 27. Qd1 Re2 28. Re3 Qxc2 29. Qxc2 Rxc2 30. Rxf3 Rxb2 31. Rc3 c5 32. Kg2 Kf8 33. Kf3 Ke7 34. h4 Kd6 35. Ke3 b5 36. Rd3+ Ke6 37. f3 c4 38. Rc3 Kd5 39. h5 b4 40. axb4 Rxb4 41. Rc1 Rb3+ 42. Kf4 Kd4 43. Rd1+ Rd3 44. Ra1 Kc3 45. Ra7 Kd2 46. Ra2+ Kc3 47. Ra7 Kb2 48. Rc7 c3 49. Rb7+ Kc1 50. Ke4 Kd2 51. Rxf7 c2 52. Rc7 Rd8 53. Kf5 c1Q 54. Rxc1 Kxc1 55. Kg6 Rd7 56. f4 Kd2 57. f5 Ke3 58. f6 gxf6 59. Kxh6 Rd5 60. g4 Rg5 61. Kh7 Rxg4 62. h6 f5 0-1

[Event "CZE-chT2b 0001"]
[Site "Czech Republic"]
[Date "2000.??.??"]
[Round "4"]
[White "Machalek, Bedrich"]
[Black "Titera, Libor"]
[Result "1-0"]
[WhiteElo "2055"]
[BlackElo "2025"]
[PlyCount "99"]
[EventDate "2000.??.??"]
[EventType "team"]
[EventRounds "11"]
[EventCountry "CZE"]
[SourceTitle "EXT 2003"]
[Source "ChessBase"]
[SourceDate "2002.11.25"]
[SourceVersion "1"]
[SourceVersionDate "2002.11.25"]
[SourceQuality "1"]

1. e4 e6 2. d4 d5 3. e5 c5 4. c3 Nc6 5. Nf3 Qb6 6. a3 Bd7 7. b4 c4 8. Nbd2 f6 9. Be2 fxe5 10. Nxe5 Nxe5 11. dxe5 Nh6 12. Nf3 Nf5 13. g4 Nh6 14. Nd4 Be7 15. h4 Rf8 16. Be3 Qc7 17. f4 a5 18. Qb1 Nf7 19. Kd2 a4 20. Qxh7 0-0-0 21. Qxg7 Rde8 22. g5 Nd8 23. h5 Nc6 24. Nb5 Qb8 25. Bb6 Rxf4 26. Qxe7 Nxe7 27. Nd6+ Qxd6 28. exd6 Nf5 29. Bc5 Ng3 30. Rhg1 Nxe2 31. Kxe2 e5 32. h6 Bf5 33. g6 Bd3+ 34. Kd2 d4 35. cxd4 exd4 36. Rae1 Rf2+ 37. Kd1 Bc2+ 38. Kc1 Rxe1+ 39. Rxe1 Bxg6 40. Bxd4 Rh2 41. Rg1 Be4 42. Be3 c3 43. Rg8+ Kd7 44. Rg7+ Kc6 45. b5+ Kxb5 46. d7 Rb2 47. Kd1 c2+ 48. Ke1 Rb1+ 49. Ke2 Rb2 50. Bc1 1-0

[Event "Klatovy op-A"]
[Site "Klatovy"]
[Date "2000.??.??"]
[Round "?"]
[White "Titera, Libor"]
[Black "Cedikova, Katerina"]
[Result "1-0"]
[WhiteElo "1910"]
[BlackElo "2140"]
[PlyCount "87"]
[EventDate "2000.??.??"]
[EventType "swiss"]
[EventRounds "9"]
[EventCountry "CZE"]
[SourceTitle "EXT 2003"]
[Source "ChessBase"]
[SourceDate "2002.11.25"]
[SourceVersion "1"]
[SourceVersionDate "2002.11.25"]
[SourceQuality "1"]

1. e4 c5 2. Nf3 Nc6 3. d4 cxd4 4. Nxd4 g6 5. Nc3 Bg7 6. Be3 Nf6 7. f3 0-0 8. Qd2 d6 9. 0-0-0 d5 10. Qe1 e6 11. h4 Qe7 12. h5 Nxd4 13. Bxd4 Nxh5 14. Bxg7 Kxg7 15. exd5 Qg5+ 16. Kb1 Ng3 17. Ne4 Nxe4 18. fxe4 exd5 19. exd5 Bg4 20. Qd2 Qxd2 21. Rxd2 Rfe8 22. Bd3 Rad8 23. c4 b6 24. b4 Re5 25. Kb2 h5 26. a4 g5 27. Bc2 f5 28. Bb3 Kf6 29. c5 bxc5 30. bxc5 f4 31. Rc1 Be6 32. c6 Rexd5 33. Bxd5 Rxd5 34. Rxd5 Bxd5 35. c7 Bb7 36. c8Q Bxc8 37. Rxc8 g4 38. Kc3 h4 39. Kd3 Ke5 40. Rc5+ Kf6 41. Ke4 f3 42. gxf3 g3 43. f4 g2 44. Rg5 1-0

[Event "CZE-chT2V 9899"]
[Site "Czech Republic"]
[Date "1999.??.??"]
[Round "?"]
[White "Lorenc, Tomas"]
[Black "Titera, Libor"]
[Result "1-0"]
[WhiteElo "1975"]
[BlackElo "1950"]
[PlyCount "73"]
[EventDate "1998.??.??"]
[EventType "team"]
[EventRounds "11"]
[EventCountry "CZE"]
[SourceTitle "EXT 2000"]
[Source "ChessBase"]
[SourceDate "1999.11.16"]
[SourceVersion "1"]
[SourceVersionDate "1999.11.16"]
[SourceQuality "1"]

1. b4 e5 2. Bb2 Bxb4 3. Bxe5 Nf6 4. Nf3 Nc6 5. Bb2 0-0 6. e3 Re8 7. Be2 d5 8. 0-0 b6 9. c4 Bb7 10. d4 Na5 11. Nbd2 Rc8 12. Qa4 c5 13. cxd5 Bxd5 14. Rac1 Bc6 15. Bb5 Qd5 16. Bxc6 Rxc6 17. Nb3 Nxb3 18. Qxb3 Qxb3 19. axb3 Rec8 20. Ne5 R6c7 21. Nd3 Ne4 22. Rc2 Ba5 23. Rfc1 Bd2 24. Ra1 Bb4 25. f3 Nf6 26. Rac1 Ne8 27. d5 a5 28. e4 f6 29. f4 b5 30. e5 c4 31. Nxb4 axb4 32. d6 Rd7 33. bxc4 bxc4 34. Rxc4 Rb8 35. Rc8 Rd8 36. Rxb8 Rxb8 37. d7 1-0